Berliner Bezirke Wappen - Statistiken

Allgemein
  • Dieses Quiz wurde 70 mal gespielt
  • Das Durchschnittsergebnis liegt bei 9 aus 12
Antwortstatistiken
Bildquiz Antwort % Korrekt
Mitte
93%
Reinickendorf
80%
Neukölln
78%
Spandau
76%
Marzahn-Hellersdorf
73%
Treptow-Köpenick
73%
Charlottenburg-Wilmersdorf
71%
Friedrichshain-Kreuzberg
71%
Pankow
68%
Lichtenberg
66%
Steglitz-Zehlendorf
66%
Tempelhof-Schöneberg
66%
Keine übereinstimmenden Quizze gefunden
Verteilung der Resultate
Anzahl Personen mit jedem Resultat
Perzentil nach korrekt beantworteten Fragen
Ihre Resultats-Entwicklung
Sie haben dieses Quiz noch nicht gespielt